| 000 | 00656cab a22001935a 4500 | ||
|---|---|---|---|
| 001 | L157683 | ||
| 008 | 130227e20130223xxk 000 0 eng d | ||
| 035 | _a(Sirsi) u157683 | ||
| 041 | 0 | _aeng | |
| 100 | 1 | _aWaltham, Anne | |
| 245 | 0 | 0 | _aLook into the light |
| 260 | _c2013 | ||
| 490 |
_aEstates Gazette _v(1308) 23 February 2013, 98-101(4) |
||
| 520 | _aInvestigates the rights of light issue following the Law Commission's project to investigate the rights of light issue. Includes the key provisional proposals along with detailed comments. | ||
| 590 | _aKA | ||
| 651 | 4 |
_aEngland and Wales _y1543- |
|
| 690 |
_aRights of light _96267 |
||
| 942 | _n0 | ||
| 999 |
_c84431 _d84431 |
||